LEADER 00988nam a2200241 i 4500 001 000000076796 003 CaOOAMICUS 005 20260522171606.0 008 010731s2001 it u000 u ita u 020 $a88-06-15124-X 040 $aSeMil$bita 245 13$aLa Lombardia /$ca cura di Duccio Bigazzi e Marco Meriggi. 300 $aXVII, 1299 p., [48] p. di tav. 650 4$aLombardia - Storia - Sec. 19.-20.$0(OLS)http://semarc/subject/60351 700 1 $aBigazzi, Duccio,$d<1947-1999>.$0(OLS)http://semarc/name/16515 700 1 $aMeriggi, Marco,$d<1955- >.$0(OLS)http://semarc/name/37306 773 0 $tStoria d'Italia.$dTorino : Einaudi, 1977-2002.$w()3449 850 $aSeMil 852 $aSeMil$W1$xVenegono$y1$mSL1.J V 16$j272417$B42948$CSeMilBibl$Z2$F43358 $8I 961 $aSottoscrizione: Einaudi (Agente) 996 $6020$a88-06-15124-X$9(OLS)http://semarc/number/57955 996 $6245$aLa Lombardia$9(OLS)http://semarc/title/124548